<?xml version="1.0" encoding="UTF-8"?>
<record
    xmlns:xsi="http://www.w3.org/2001/XMLSchema-instance"
    xsi:schemaLocation="http://www.loc.gov/MARC21/slim http://www.loc.gov/standards/marcxml/schema/MARC21slim.xsd"
    xmlns="http://www.loc.gov/MARC21/slim">

  <leader>01619nam a2200313 a 4500</leader>
  <controlfield tag="001">000030854</controlfield>
  <controlfield tag="005">20200120222212.0</controlfield>
  <controlfield tag="008">071004s1991    ck h   gr0        p spa d</controlfield>
  <datafield tag="090" ind1=" " ind2=" ">
    <subfield code="a">AP</subfield>
    <subfield code="b">CARJ</subfield>
  </datafield>
  <datafield tag="100" ind1="0" ind2=" ">
    <subfield code="a">Caro, Jos&#xE9; Eusebio</subfield>
  </datafield>
  <datafield tag="245" ind1="1" ind2="3">
    <subfield code="a">La filosof&#xED;a del cristianismo :</subfield>
    <subfield code="b">poesias /</subfield>
    <subfield code="c">Jos&#xE9; Eusebio Caro ; nota editorial por : Carlos Valderrama Andrade ; presentaci&#xF3;n: Ignacio Chaves Cuevas.</subfield>
  </datafield>
  <datafield tag="250" ind1=" " ind2=" ">
    <subfield code="a">1a. ed.</subfield>
  </datafield>
  <datafield tag="260" ind1=" " ind2=" ">
    <subfield code="a">Santaf&#xE9; de Bogot&#xE1; :</subfield>
    <subfield code="b">Instituto Caro y Cuervo,</subfield>
    <subfield code="c">1991.</subfield>
  </datafield>
  <datafield tag="300" ind1=" " ind2=" ">
    <subfield code="a">xv, [211] p.</subfield>
  </datafield>
  <datafield tag="500" ind1=" " ind2=" ">
    <subfield code="a">"L&#xE1;s p&#xE1;ginas de este cuaderno presentan en borradores, trabajados cuidadosamente en edici&#xF3;n facsimilar,</subfield>
  </datafield>
  <datafield tag="500" ind1=" " ind2=" ">
    <subfield code="a">testimonios de uno de los hombres que marc&#xF3; el siglo XIX en las d&#xE9;cadas del 30 al 50. Se trata de un cuaderno</subfield>
  </datafield>
  <datafield tag="500" ind1=" " ind2=" ">
    <subfield code="a">de 211 p&#xE1;ginas, numeradas por su autor con alguna equivocaci&#xF3;n, tiene algunas hojas en blanco y guarda los</subfield>
  </datafield>
  <datafield tag="500" ind1=" " ind2=" ">
    <subfield code="a">borradores de un proyecto de escrito filos&#xF3;fico, una curiosa Algebra sin&#xF3;ptica, unas observaciones sobre</subfield>
  </datafield>
  <datafield tag="500" ind1=" " ind2=" ">
    <subfield code="a">versificaci&#xF3;n y las poes&#xED;as, precedidas de un plan de versificaci&#xF3;n"</subfield>
  </datafield>
  <datafield tag="500" ind1=" " ind2=" ">
    <subfield code="a">Ej.1 Roma, Donado en 2005</subfield>
  </datafield>
  <datafield tag="500" ind1=" " ind2=" ">
    <subfield code="a">Cuaderno de Jos&#xE9; Eusebio Caro : edici&#xF3;n facsimilar</subfield>
  </datafield>
  <datafield tag="500" ind1=" " ind2=" ">
    <subfield code="a">Ej 1. En Biblioparque De Funza : Colecci&#xF3;n Proveniente De La Antigua Biblioteca Municipal, Centro Cultural Bacat&#xE1;, Funza (Cundinamarca).</subfield>
  </datafield>
  <datafield tag="650" ind1="1" ind2="4">
    <subfield code="a">Poesia colombiana</subfield>
  </datafield>
  <datafield tag="650" ind1="2" ind2="4">
    <subfield code="a">Literatura Colombiana</subfield>
  </datafield>
  <datafield tag="650" ind1="2" ind2="4">
    <subfield code="a">Facsimiles</subfield>
  </datafield>
  <datafield tag="700" ind1="1" ind2=" ">
    <subfield code="a">Valderrama Andrade, Carlos</subfield>
    <subfield code="a">editor</subfield>
  </datafield>
  <datafield tag="700" ind1="1" ind2=" ">
    <subfield code="a">Chaves Cuevas, Ignacio</subfield>
    <subfield code="a">presentacion</subfield>
  </datafield>
  <datafield tag="901" ind1=" " ind2=" ">
    <subfield code="a">Donaci&#xF3;n, Instituto acaro y Cuervo</subfield>
  </datafield>
  <datafield tag="999" ind1=" " ind2=" ">
    <subfield code="c">1864</subfield>
    <subfield code="d">1864</subfield>
  </datafield>
  <datafield tag="952" ind1=" " ind2=" ">
    <subfield code="0">0</subfield>
    <subfield code="1">0</subfield>
    <subfield code="2">ddc</subfield>
    <subfield code="4">0</subfield>
    <subfield code="7">0</subfield>
    <subfield code="8">LA</subfield>
    <subfield code="a">BPMOS</subfield>
    <subfield code="b">BPMOS</subfield>
    <subfield code="d">2020-01-20</subfield>
    <subfield code="i">103725</subfield>
    <subfield code="l">0</subfield>
    <subfield code="o">AP CARJ</subfield>
    <subfield code="p">MOS015329</subfield>
    <subfield code="r">2021-08-18</subfield>
    <subfield code="t">ej.1</subfield>
    <subfield code="w">2020-01-20</subfield>
    <subfield code="y">BKLIT</subfield>
    <subfield code="z">Quince d&#xED;as</subfield>
  </datafield>
</record>
